| 000 | 00490nam a2200181Ia 4500 | ||
|---|---|---|---|
| 999 |
_c1623 _d1623 |
||
| 003 | OSt | ||
| 005 | 20200928102432.0 | ||
| 008 | 190216s9999||||xx |||||||||||||| ||und|| | ||
| 020 | _a9788187606796 | ||
| 040 | _coclc | ||
| 082 |
_a574.192 _bSIN/B |
||
| 100 |
_aSingh, N P _95046 |
||
| 245 | 0 |
_aBiochemistry / _cN P Singh |
|
| 260 |
_bAkansha Publishers, _aNew Delhi: _c2005. |
||
| 300 | _a307p | ||
| 650 | _aBotany | ||
| 942 |
_cBK _2ddc _h574.192 _iSIN/B _k574.192 _mSIN/B |
||